The Sculptures of Michelangelo /

En este libro se analizan algunas de las obras arquitectónicas y escultóricas de Miguel Angel, como la Basílica de San Pedro, la tumba de Julio II, la Biblioteca Laurenziana, la Capilla Medici, el Palacio Farnese, la Capilla Sforza en Santa María Maggiore, entre otros.

Сохранить в:
Библиографические подробности
Главный автор: Miguel Angel (artista)
Другие авторы: Golscheider, Ludwig (prefacio) (prefacio)
Формат:
Язык:английский
Предметы:
Метки: Добавить метку
Нет меток, Требуется 1-ая метка записи!

MARC

LEADER 00000nam^a2200000^a^4500
001 000186726
005 20250526000000.0
009 20260310102236.783
037 |a Acervo ITESO - Biblioteca 
041 |a ING 
082 |a 730. 94505  |b MIG GOL 
100 |a Miguel Angel  |e (artista) 
245 1 4 |a The Sculptures of Michelangelo /  |c M. Buonarroti ; pref. de L. Goldscheider. 
264 |a Londres, Inglaterra :  |b Phaidon :  |b George Allen and Unwin,  |c 1940 
300 |a 33, 145 p. ;  |c 36.0 cm. 
336 |a texto  |b txt  |2 rdacontenido 
337 |a sin mediación  |b n  |2 rdamedio 
338 |a volumen  |b nc  |2 rdasoporte 
520 |a En este libro se analizan algunas de las obras arquitectónicas y escultóricas de Miguel Angel, como la Basílica de San Pedro, la tumba de Julio II, la Biblioteca Laurenziana, la Capilla Medici, el Palacio Farnese, la Capilla Sforza en Santa María Maggiore, entre otros. 
545 0 |a Micheangelo Buonarroti (Caprese, 1475 - Roma, 1564) es considerado por la crítica uno de los más grandes representantes del arte universal. Del alcance de su genio creativo habla el apodo de "el Divino", que recibió en vida, en un contexto -la Italia renacentista- donde la genialidad estaba a la orden del día. Aunque vocacionalmente él se consideraba escultor ante todo, lo cierto es que cultivó todas las artes plásticas, si bien en pintura los frescos de la Capilla Sixtina es la única obra de envergadura que pudo concluir. Artista de la corte de los Medici en Florencia, tuvo que dejar la ciudad como consecuencia de su participación en el intento de proclamar la república; se instaló definitivamente en Roma en 1534. 
649 |a XX 
650 |a Arquitectos Italianos -  |x Biografías 
650 |a Pintores Italianos -  |x Biografías 
650 |a Escultores Italianos -  |x Biografías 
650 |a Artistas Italianos -  |x Biografías 
650 |a Escultura Renacentista -  |x Historia y Crítica 
650 |a Escultura Italiana -  |x Historia y Crítica 
650 |a Arte Renacentista -  |x Historia y Crítica 
650 |a Arte Italiano -  |x Historia y Crítica 
650 |a Miguel Angel -  |x Tema Principal 
700 |a Golscheider, Ludwig  |e (prefacio) 
910 |a Fondo General 
920 |a Impresos - Libros 
930 |a Libros Antiguos y Raros 
905 |a 108 
901 |a 0348620100  |b IT2  |c LRA  |u 20250526 
902 |a https://opac.biblio.iteso.mx/vufind/Record/000186726